Kanga and Baby Roo Come to the Forest / (Record no. 4115)

MARC details
000 -LEADER
fixed length control field 01217cam a2200289 i 4500
005 - DATE AND TIME OF LATEST TRANSACTION
control field 20240607155706.0
020 ## - INTERNATIONAL STANDARD BOOK NUMBER
International Standard Book Number 0525447105
040 ## - CATALOGING SOURCE
Original cataloging agency DLC
Language of cataloging eng
Description conventions rda
Transcribing agency DLC
Modifying agency DLC
050 00 - LIBRARY OF CONGRESS CALL NUMBER
Classification number PZ7.M64
082 00 - DEWEY DECIMAL CLASSIFICATION NUMBER
Classification number 823.912
100 1# - MAIN ENTRY--PERSONAL NAME
Personal name Milne, A. A.
Fuller form of name (Alan Alexander),
Dates associated with a name 1882-1956,
Relator term author
245 10 - TITLE STATEMENT
Title Kanga and Baby Roo Come to the Forest /
Statement of responsibility, etc. by A.A. Milne with decorations by Ernest H. Shepard
260 ## - PUBLICATION, DISTRIBUTION, ETC.
Place of publication, distribution, etc. New York :
Name of publisher, distributor, etc. Dutton Children's Books ;
Date of publication, distribution, etc. 1990
300 ## - PHYSICAL DESCRIPTION
Extent 28 unnumbered pages :
Other physical details color illusustrations ;
Dimensions 16 cm .
490 ## - SERIES STATEMENT
Series statement The Original Pooh Treasury
Volume/sequential designation Book 5
505 0# - FORMATTED CONTENTS NOTE
Formatted contents note M <br/>
520 ## - SUMMARY, ETC.
Summary, etc. Kanga and Baby Roo are the newest inhabitants of the Hundred Acre Wood, and Rabbit isn't sure he likes it. His plan to capture Baby Roo should set things right, if Piglet can bravely play his part, but it is hard to be brave when you are a very small animal ...
521 ## - TARGET AUDIENCE NOTE
Target audience note 530 <br/>
Source Lesxile estimate <br/>
521 ## - TARGET AUDIENCE NOTE
Target audience note M <br/>
Source Raz-Plus <br/>
650 #0 - SUBJECT ADDED ENTRY--TOPICAL TERM
Topical term or geographic name entry element Toys
Form subdivision Fiction.
650 #0 - SUBJECT ADDED ENTRY--TOPICAL TERM
Topical term or geographic name entry element Animals
Form subdivision Fiction.
650 #1 - SUBJECT ADDED ENTRY--TOPICAL TERM
Topical term or geographic name entry element Toys
Form subdivision Fiction.
700 1# - ADDED ENTRY--PERSONAL NAME
Personal name Shepard, Ernest H.
Fuller form of name (Ernest Howard),
Dates associated with a name 1879-1976,
Relator term illustrator.
906 ## - LOCAL DATA ELEMENT F, LDF (RLIN)
a 7
b cbc
c origres
d 2
e ncip
f 20
g y-gencatlg
942 ## - ADDED ENTRY ELEMENTS (KOHA)
Source of classification or shelving scheme Library of Congress Classification
Koha item type Books
Suppress in OPAC No
999 ## -
-- 4115
-- 4115
Holdings
Withdrawn status Lost status Source of classification or shelving scheme Damaged status Not for loan Collection Home library Current library Shelving location Date acquired Total Checkouts Full call number Barcode Date last seen Price effective from Koha item type
    Dewey Decimal Classification     Juvenile Fiction Footprints International School Library Network Toul Kork Campus Footprints International School Library Network Toul Kork Campus   06/07/2024   MIL 823.912 PZ7.M64 FISBK07029 06/07/2024 06/07/2024 Books